Microsoft Office Word 2003 : (Record no. 30840)

000 -LEADER
fixed length control field 00662nam a22001937a 4500
003 - CONTROL NUMBER IDENTIFIER
control field OSt
008 - FIXED-LENGTH DATA ELEMENTS--GENERAL INFORMATION
fixed length control field 210119b ||||| |||| 00| 0 eng d
020 ## - INTERNATIONAL STANDARD BOOK NUMBER
International Standard Book Number 0072232129
020 ## - INTERNATIONAL STANDARD BOOK NUMBER
International Standard Book Number 9780072232141
050 ## - LIBRARY OF CONGRESS CALL NUMBER
Classification number HF5548.4.M525
100 ## - MAIN ENTRY--PERSONAL NAME
Personal name Hinkle, Deborah A.
245 ## - TITLE STATEMENT
Title Microsoft Office Word 2003 :
Remainder of title a professional approach/
Statement of responsibility, etc. Deborah A Hinkle
260 ## - PUBLICATION, DISTRIBUTION, ETC. (IMPRINT)
Place of publication, distribution, etc. Boston :
Name of publisher, distributor, etc. McGraw-Hill Technology Education,
Date of publication, distribution, etc. ©2005.
300 ## - PHYSICAL DESCRIPTION
Extent xiv, 632, [24] p. :
Other physical details illustrations ;
Dimensions 26 cm
Accompanying material 1 CD-ROM
Size of unit (4 3/4 in.)
500 ## - GENERAL NOTE
General note Includes index.
650 ## - SUBJECT ADDED ENTRY--TOPICAL TERM
Topical term or geographic name as entry element Microsoft Word.
650 ## - SUBJECT ADDED ENTRY--TOPICAL TERM
Topical term or geographic name as entry element Word processing.
942 ## - ADDED ENTRY ELEMENTS (KOHA)
Source of classification or shelving scheme
Koha item type Hard Covered Materials
Classification part HF5548.4.M525 2005
Holdings
Withdrawn status Lost status Source of classification or shelving scheme Damaged status Not for loan Home library Current library Shelving location Date acquired Total Checkouts Full call number Barcode Date last seen Price effective from Koha item type
          MACHAKOS UNIVERSITY LIBRARY MACHAKOS UNIVERSITY LIBRARY All Collections 19/01/2021   HF5548.4.M525 2005 20410 19/01/2021 19/01/2021 Hard Covered Materials
© Machakos University Library, Along The Highway, Machakos Wote Rd, Machakos, Kenya P.O. Box 136 - 90100 Machakos - Kenya

Tel: ( +254 ) 723 805829 OR Fax : 044-20353 OR Email: library@mksu.ac.ke